Responses for show #4855 - Friday, October 21, 2005

Contestants

[<< previous game]

Amanda Traphagan, a law student from Austin, Texas

Paulette Beete, a writer from Takoma Park, Maryland

Steve O'Connor, a communications consultant from Naperville, Illinois (whose 2-day cash winnings total $33,401)

[next game >>]

Jeopardy! Round responses

NAME THAT AUTOCRAT
BEATLYRICS
PRESIDENTIAL DAUGHTERS
MULTIPLE CHOICE
BRING YOUR "A" GAME
THE BOYS IN BLUE
    $200 11
Franco

Paulette
    $200 6
"All You Need Is Love"

Amanda
    $200 26
Chelsea Clinton

Amanda
    $200 12
a jack

Paulette
    $200 1
the aorta

Steve
    $200 19
[Steve gave both listed responses.]

cops (or coppers)

Steve
    $400 15
(Juan) PerĂ³n

Amanda
    $400 7
"A Day In The Life"

Triple Stumper
    $1,000 27
(Amanda: Who are the Kennedys?)

Julie Nixon (Eisenhower)

Amanda
    $400 13
a stock

Paulette
    $400 2
(Paulette: What is the Allegheny?)

the Appomattox

PauletteAmanda
    $400 20
a lie detector

Amanda
    $600 16
(Alex: That was the great traitor, [*].)

Vidkun Quisling

Triple Stumper
    $600 8
"Back In The U.S.S.R."

Amanda
    $600 28
Caroline Kennedy

Paulette
    $600 14
the punt

Steve
    $600 3
Samuel Adams

Amanda
    $600 23
blotter (log accepted)

Paulette
    $800 17
Somoza

Triple Stumper
    $800 9
the "Taxman"

Triple Stumper
    $800 29
Luci Johnson

Amanda
    $800 21
Paul

Paulette
    $800 4
(Steve: What are the Antilles?)

the Azores

Steve
Triple Stumper
    $800 24
a laser

Steve
    $1000 18
(Paulette: Who is Khrushchev?)
...
(Alex: [*], who came after Khrushchev.)

Brezhnev

SteveAmanda
    $1000 10
(Amanda: What is "Come Together"?)
...
(Alex: [*]... well, I used to be.)

"I Am The Walrus"

Amanda
Triple Stumper
    $1000 30
(Alex: And that would be Teddy Roosevelt's daughter, [*].)

Alice Roosevelt

Triple Stumper
    $1000 22
Tintoretto

Triple Stumper
    $1000 5
Allentown

Amanda
    $1000 25
ballistic

Triple Stumper

Scores at the first commercial break (after clue 15):

Steve Paulette Amanda
$0 $400 $2,200

Scores at the end of the Jeopardy! Round:

Steve Paulette Amanda
$2,000 $2,400 $1,600

Double Jeopardy! Round responses

HISTORIC AMERICAN DOCUMENTS
SPORTS U.S.A.
DISEASES
OTHER STARS & STRIPES
"POO" POURRI
THE BOYS ARE BLUE
    $400 7
the Emancipation Proclamation

Amanda
    $400 17
a cheesehead

Amanda
    $400 21
a mammogram

Steve
    $400 6
Liberia

Steve
    $400 1
a papoose

Paulette
    $400 12
Prince Charles

Amanda
    $800 8
the Mayflower Compact

Steve
    $800 27
a pro-am

Steve
    $800 22
smallpox

Amanda
    $800 13
(Amanda: What is Australia?)
...
(Alex: Yes, Australia has two additional stars.)

New Zealand

PauletteAmanda
    $800 2
a harpoon

Amanda
    $800 14
(Amanda: Who is Neil Armstrong?)
...
(Alex: It was his buddy, [*].)

Buzz Aldrin

Amanda
Triple Stumper
    $3,200 9
(Steve: What is the... Oh, I...)
(Alex: Say something. No?)
(Steve: No.)

Wilson's Fourteen Points

Steve
    $1200 28
the Red Sox Nation

Triple Stumper
    $1,700 23
SARS (Severe Acute Respiratory Syndrome)

Amanda
    $1200 18
North Korea

Amanda
    $1200 3
dirty pool

Triple Stumper
    $1200 15
(Alex: And that poet was [*]. Paulette--you knew that, Steve?)
(Steve: I knew that.)
(Alex: Yeah, too bad you didn't ring in.)

Percy Shelley

Triple Stumper
    $1600 10
the Articles of Confederation

Amanda
    $1600 29
[The end-of-round signal sounds.]

the American Youth Soccer Organization

Steve
    $1600 24
sickle-cell anemia

Paulette
    $1600 19
Chile

Amanda
    $1600 4
Poor Richard's Almanack

Paulette
    $1600 16
(Amanda: Uh... who is Goya?)
...
(Alex: Yes, indeed. He painted The Scream. Goya, of course, was Spanish.)

(Edvard) Munch

SteveAmanda
    $2000 11
the Treaty of Paris

Steve
    $2000 26
shingles

Amanda
    $2000 20
Venezuela

Triple Stumper
    $2000 5
poodle skirts

Paulette
    $2000 25
Wolfgang Amadeus Mozart

Triple Stumper

Scores at the end of the Double Jeopardy! Round:

Steve Paulette Amanda
$6,400 $8,800 $9,300

[wagering suggestions for these scores]

Final Jeopardy! Round responses

19th CENTURY LITERARY CHARACTERS
(Alex: The novel was by Charles Dickens. Let's start with Steve O'Connor. Which character did you come up with? Who is Darnay? Charles Darnay is incorrect. It will cost you $6400.)
...
(Alex: Oliver Twist. [*].)
SteveWho is Darnay?
$6,400
PauletteWho is Captain Kidd
$5,000
AmandaWho is Tom Jones
$4,000
Fagin

Final scores:

Steve Paulette Amanda
$0 $3,800 $5,300
3rd place: $1,000 2nd place: $2,000 New champion: $5,300

Game dynamics:

Coryat scores:

Steve Paulette Amanda
$9,600 $8,800 $9,800
12 R,
2 W
(including 1 DD)
11 R,
1 W
19 R
(including 1 DD),
6 W
(including 1 DD)

Combined Coryat: $28,200

The J! Archive is created by fans, for fans. The Jeopardy! game show and all elements thereof, including but not limited to copyright and trademark thereto, are the property of Jeopardy Productions, Inc. and are protected under law. This website is not affiliated with, sponsored by, or operated by Jeopardy Productions, Inc. Join the discussion at JBoard.tv.